<?xml version="1.0" encoding="UTF-8"?>
<marc:record xmlns:marc="http://www.loc.gov/MARC21/slim">
   <marc:leader>00000nam a2200000 a 4500</marc:leader>
   <marc:datafield ind1="1" ind2=" " tag="100">
      <marc:subfield code="a">Rylance, Ulrike</marc:subfield>
      <marc:subfield code="4">aut</marc:subfield>
      <marc:subfield code="e">Verfasser/-in</marc:subfield>
   </marc:datafield>
   <marc:datafield ind1=" " ind2=" " tag="653">
      <marc:subfield code="a">Serientäter</marc:subfield>
   </marc:datafield>
   <marc:datafield ind1=" " ind2=" " tag="653">
      <marc:subfield code="a">Diebe</marc:subfield>
   </marc:datafield>
   <marc:datafield ind1=" " ind2=" " tag="653">
      <marc:subfield code="a">Weihnachtsbaum</marc:subfield>
   </marc:datafield>
   <marc:datafield ind1="0" ind2="0" tag="245">
      <marc:subfield code="a">Penny Pepper - Tatort: Winterwald</marc:subfield>
   </marc:datafield>
   <marc:datafield ind1=" " ind2="1" tag="264">
      <marc:subfield code="b">Dt. Taschenbuch Verl.</marc:subfield>
      <marc:subfield code="c">2023</marc:subfield>
   </marc:datafield>
   <marc:datafield ind1="1" ind2=" " tag="490">
      <marc:subfield code="a">Penny Pepper 4</marc:subfield>
   </marc:datafield>
   <marc:datafield ind1="1" ind2=" " tag="520">
      <marc:subfield code="a">Als Penny und ihre Detektivbande von den ersten verschwundenen Weihnachtsbäumen hören, glauben sie noch an einen Zufall. Aber bald wird klar: Hier ist ein Serientäter am Werk. Eine ganze Baumfarm brennt ab, eine andere wird von einer seltsamen Krankheit befallen, Lieferungen verschwinden und von den Balkonen werden die letzten Tannen geklaut. Das darf nicht sein, finden Penny und Co. Weihnachten ohne Baum ist wie...na ja jedenfalls nicht wie Weihnachten. Die Mädchen legen sich auf die Lauer und stoßen schon bald auf eine heiße Spur..</marc:subfield>
   </marc:datafield>
   <marc:datafield ind1=" " ind2=" " tag="020">
      <marc:subfield code="a">9783423761628</marc:subfield>
      <marc:subfield code="9">9783423761628</marc:subfield>
   </marc:datafield>
</marc:record>
